| 000 | 00420nam a2200169Ia 4500 | ||
|---|---|---|---|
| 005 | 20250603150010.0 | ||
| 008 | 250603s9999 xx 000 0 und d | ||
| 050 | _aHQ 1236 .5 .N6 O59/ | ||
| 100 | _aOnyegu, Ray. | ||
| 245 | 0 | _aUpdate on women’s socio-economic rights in Nigeria | |
| 260 | _aLagos | ||
| 260 | _b Shelter Rights Initiative | ||
| 260 | _c2002 | ||
| 300 | _a103 p | ||
| 650 | _aLagos | ||
| 942 | _cBK | ||
| 999 |
_c43468 _d43468 |
||